OBRA POLITICA (Registro nro. 34522)
[ vista simple ]
| 000 -LEADER | |
|---|---|
| fixed length control field | 00491nam a2200181 a 4500 |
| 001 - CONTROL NUMBER | |
| control field | 34522 |
| 005 - DATE AND TIME OF LATEST TRANSACTION | |
| control field | 20180714002648.0 |
| 008 - FIXED-LENGTH DATA ELEMENTS--GENERAL INFORMATION | |
| fixed length control field | 140415s1979 000 0 spa d |
| 041 ## - LANGUAGE CODE | |
| Language code of text/sound track or separate title | spa |
| 082 ## - DEWEY DECIMAL CLASSIFICATION NUMBER | |
| Classification number | 320.5 |
| Item number | MAR |
| 100 1# - MAIN ENTRY--PERSONAL NAME | |
| Personal name | MARIATEGUI, JOSE CARLOS |
| 245 10 - TITLE STATEMENT | |
| Title | OBRA POLITICA |
| 260 ## - PUBLICATION, DISTRIBUTION, ETC. | |
| Place of publication, distribution, etc. | [s.l.] : |
| Name of publisher, distributor, etc. | EDICIONES ERA, |
| Date of publication, distribution, etc. | 1979 |
| 300 ## - PHYSICAL DESCRIPTION | |
| Extent | 327 |
| 490 ## - SERIES STATEMENT | |
| Series statement | EL HOMBRE Y SU TIEMPO |
| 650 14 - SUBJECT ADDED ENTRY--TOPICAL TERM | |
| Topical term or geographic name entry element | CIENCIAS POLITICAS |
| General subdivision | POLITICA |
| 700 1# - ADDED ENTRY--PERSONAL NAME | |
| Personal name | JIMENEZ RICARDEZ, RUBEN |
| Relator term | pról. |
| Withdrawn status | Lost status | Source of classification or shelving scheme | Damaged status | Not for loan | Collection code | Home library | Current library | Shelving location | Date acquired | Source of acquisition | Inventory number | Total Checkouts | Full call number | Barcode | Date last seen | Price effective from | Koha item type |
|---|---|---|---|---|---|---|---|---|---|---|---|---|---|---|---|---|---|
| Dewey Decimal Classification | General | Biblioteca Karol Wojtyla | Biblioteca Karol Wojtyla | Sala general | 03/12/2013 | Compra | 151000000000000000055941 | 320.5 MAR | 5228 | 05/01/2026 | 03/12/2013 | Libro |